| 000 | 00840cam a2200253 a 4500 | ||
|---|---|---|---|
| 001 | 000005290 | ||
| 005 | 20200929151631.0 | ||
| 008 | 980506s1997 sp b 001 f spa | ||
| 020 | _a8437615682 | ||
| 040 |
_aDO-SdBNP _cDLC _dDLC |
||
| 082 |
_a863.64 _bG925m |
||
| 100 | 1 |
_aGuelbenzu, José María, _d1944- _915059 |
|
| 245 | 1 | 3 |
_aEl mercurio / _cJosé María Guelbenzu ; edición, Ana Rodríguez Fischer. |
| 260 |
_aMadrid : _bCátedra, _c1997. |
||
| 300 |
_a405 p. ; _c18 cm. |
||
| 490 | 1 |
_aLetras Hispánicas _v433 |
|
| 504 | _aIncluye referencias bibliográficas y notas al pie de las páginas. | ||
| 650 | 4 |
_aNovela española _91123 |
|
| 650 | 4 |
_aLiteratura española _9632 |
|
| 700 | 1 |
_aRodríguez Fischer, Ana, _eed. _915060 |
|
| 830 | 0 |
_aLetras Hispánicas ; _v433 _94208 |
|
| 910 | _aCatalogación por copia / LC | ||
| 910 | _aWM | ||
| 999 |
_c5091 _d5091 |
||